| 000 | 01724cam a2200493 4500 | ||
|---|---|---|---|
| 999 |
_c23094 _d23094 |
||
| 001 | vtls011866422 | ||
| 005 | 20220127140727.0 | ||
| 008 | 210624s2019 xo grh 010 fbslo | ||
| 020 |
_a9788022021333 _q(viazané) |
||
| 035 | _a0AA3B9F3-B2B3-48F0-AD87-1D48B1FD4E84 | ||
| 035 | _aurn:nbn:sk:snk-am3id5n | ||
| 035 | _aurn:nbn:sk:snk-am00e425 | ||
| 040 |
_aSVKBB _bslo _cSVKBB _dSNK _erda |
||
| 041 | 1 |
_aslo _heng |
|
| 044 |
_axr _cCZ |
||
| 072 | 7 |
_a821.111(73)-3 _xAmerická próza _2konspekt |
|
| 072 | 7 |
_a929 _xBiografie _2konspekt |
|
| 080 |
_a821.111(73)-31 _22011 |
||
| 080 |
_a821.161.1-051 _22011 |
||
| 080 |
_a929 _22011 |
||
| 080 |
_a(0:82-94) _22011 |
||
| 080 |
_a(0:82-312.6) _22011 |
||
| 100 | 1 |
_aAnderson, Alison _4aut _92589 |
|
| 240 | 1 | 4 |
_aThe summer guest _lČesky |
| 245 | 1 | 0 |
_aLetný hosť _cAlison Andersonová ; z anglického originálu The summer guest ... preložila Nina Mikušová |
| 264 | 1 |
_aBratislava _bSlovenský spisovateľ, a.s. _c2019 |
|
| 300 |
_a336 strán _c21 cm |
||
| 600 | 1 | 7 |
_aČechov, Anton Pavlovič, _d1860-1904 _2SNKMA _92590 |
| 648 | 4 |
_a19. storočie _2SNKPH _92581 |
|
| 648 | 4 |
_a19th century _2SNKPHeng _92272 |
|
| 650 | 0 | 7 |
_aruskí spisovatelia _2SNKPH _92591 |
| 650 | 0 | 7 |
_aRussian writers _2SNKPHeng _92592 |
| 655 | 7 |
_aamerické romány _2SNKPH _92 |
|
| 655 | 7 |
_afiktívne denníky _22011 _92593 |
|
| 655 | 7 |
_abiografické romány _22011 _92126 |
|
| 655 | 7 |
_aAmerican novels _2SNKPHeng _91670 |
|
| 655 | 7 |
_aImaginary diaries _2SNKPHeng _92594 |
|
| 655 | 7 |
_aBiographical novels _2SNKPHeng _92127 |
|
| 700 | 1 |
_aMikušová, Nina _c(prekladateľka) _4trl _92595 |
|
| 958 | _aLX | ||
| 958 | _aUP | ||
| 958 | _aBC | ||